01627cam a2200337 a 45000010008000000030009000080050017000170060019000340070015000530080041000680200018001090200015001270350026001420400065001680500022002330820029002552100053002842450123003372500012004602600051004725020006005235040051005295060043005805200363006236500049009866500060010357000025010957000021011207730033011418560115011749181479USPCAS-E20180118181416.0m d cr n 100813s2011 enkab sbf 001 0 eng d a9780470721698 a0470721693 a(WaSeSS)ssj0000476949 aDLCcDLCdYDXdYDXCPdBWXdCDXdGA0dVLBdBTCTAdDLCdWaSeSS 4aTK8322b.H33 201100a621.31244222bHAN 2011 10aHandbook of photovoltaic science and engineering00aHandbook of photovoltaic science and engineeringh[electronic resource] /cedited by Antonio Luque and Steven Hegedus. a2nd ed. aChichester, West Sussex, U.K. :bWiley,c2011. a. aIncludes bibliographical references and index. aLicense restrictions may limit access. aFully revised and updated, the Handbook of Photovoltaic Science and Engineering, Second Edition incorporates the substantial technological advances and research developments in photovoltaics since its previous release. All topics relating to the photovoltaic (PV) industry are discussed with contributions by distinguished international experts in the field. 0aPhotovoltaic cellsvHandbooks, manuals, etc. 0aPhotovoltaic power generationvHandbooks, manuals, etc.1 aLuque, A.q(Antonio)1 aHegedus, Steven. 0tWiley-Blackwell Online Books40uhttp://www.columbia.edu/cgi-bin/cul/resolve?clio9181479zFull text available from Wiley-Blackwell Online Books